00369nam a22001452 4500001001100000005001700011008004100028020002600069040001500095050002000110100003100130245001400161260003700175300001100212000000286820151217151906.0070420s xx 000 0 eng d a055329315X :cKES 110 aKABUcKABU 0aPS3561b.R44R431 aQuick, Amanda.@000015237310aReckless. aNew York :bBantam Books,c1992. a371 p.